Los teólogos de la liberación en Puebla

Сохранить в:
Библиографические подробности
Главный автор: Cabestrero, Teofilo (Автор)
Формат:
Язык:испанский
Опубликовано: Madrid PPC 1979
Серии:Puebla, 5
Предметы:
Метки: Добавить метку
Нет меток, Требуется 1-ая метка записи!

MARC

LEADER 00000nam a2200000 a 4500
001 UCR3086
003 CL-VaPUC
008 980123e19790000SP |||||||||||||||||spa|d
082 0 4 |a 261.1  |b CAB  |2 21 
100 0 |a Cabestrero, Teofilo  |e author  |9 401884 
245 1 4 |a Los teólogos de la liberación en Puebla 
300 |a 154 p 
942 |c BK 
945 |d 19980123 00:00:00  |a rleighto 
260 |a Madrid  |b PPC  |c 1979 
650 0 |a Teología social  |9 326726 
650 0 |a Teólogos   |9 321227 
650 0 |a Iglesia   |9 255004 
650 0 |a Reino de Dios   |9 327654 
650 0 |a Doctrina social de la iglesia  |9 257333 
650 0 |a Moral social   |9 310700 
650 0 |a Teología de la liberación   |9 255471 
583 |a last modification  |c 19980123 00:00:00  |k Rodrigo Vera 
490 0 |a Puebla, 5 
999 |c 266193  |d 266191 
952 |0 0  |1 0  |4 0  |6 261_100000000000000_CAB_1979  |7 0  |8 A  |9 297590  |a BIBTEO  |b BIBTEO  |d 2019-11-20  |i 3382354  |o 261.1 CAB 1979  |p 3382354  |r 2025-01-17  |w 2019-11-20  |y BK  |k ICR